Moses his choice : with his eye fixed upon Heaven, discovering the happy condition of a self-denying heart, delivered in a treatise upon Hebrews II, 25, 26 /

Bibliographic Details
Main Author: Burroughs, Jeremiah, 1599-1646
Format: Microform Book
Language:English
Series:Early English books, 1641-1700 ; 910:8.
Subjects:

MARC

Tag First Indicator Second Indicator Subfields
LEADER 00000cam a2200000 a 4500
001 in00000957921
005 20150927070826.0
007 hd afv|||baca
008 850710s1650 miu a 00010 eng d
035 |a (OCoLC)12251923 
035 |9 AEU7891AM 
037 |a CL0037000029  |b UMI 
037 |b University Microfilms International, 300 N. Zeeb Rd., Ann Arbor, MI 48106 
040 |a EAA  |c EAA  |d m/c  |d UMI  |d UtOrBLW 
049 |a TXAI 
099 |a film   |a  B   |a  3609 
100 1 |a Burroughs, Jeremiah,  |d 1599-1646. 
245 1 0 |a Moses his choice :  |b with his eye fixed upon Heaven, discovering the happy condition of a self-denying heart, delivered in a treatise upon Hebrews II, 25, 26 /  |c by Jeremiah Burroughs. 
264 3 |a London :  |b Printed by John Field, and are to be sold by Thomas Eglesfeld ...,  |c 1650. 
300 |a 16 unnumbered pages, 722 pages 
336 |a text  |b txt  |2 rdacontent 
337 |a microform  |b h  |2 rdamedia 
338 |a microfilm reel  |b hd  |2 rdacarrier 
500 |a Reproduction of original in Huntington Library. 
500 |a Table of contents: pages [11]-[15]. 
510 4 |a Wing  |c B6095 
533 |a Microfilm.  |b Ann Arbor, Mich. :  |c University Microfilms International,  |d 1978.  |e 1 microfilm reel ; 35 mm.  |f (Early English books, 1641-1700 ; 910:8) 
500 |a Microform. 
650 0 |a Christian life. 
630 0 0 |a Bible.  |p Hebrews XI, 25-26  |x Criticism, interpretation, etc. 
600 0 0 |a Moses  |c (Biblical leader) 
830 0 |a Early English books, 1641-1700 ;  |v 910:8. 
999 |a MARS 
999 f f |s 39bc177d-3fe7-3102-8610-b1f7d32f0adc  |i 567bf197-171e-35da-a01b-44f482954f13  |t 0 
952 f f |p default  |a Texas A&M University  |b College Station  |c Sterling C. Evans Library  |d Evans: Microforms (3rd floor)  |t 0  |e film B 3609 910:8  |h Other scheme  |i microform -- microfilm reel 
998 f f |a film B 3609 910:8  |t 0  |l Evans: Microforms (3rd floor)